[Event "Olomouc Chess Summer 2019 - B1 - Prima Pack Cup"]
[Site "Olomouc (CZE), Hotel Flora"]
[Date "2019.08.11"]
[Round "2"]
[Board "4"]
[White "WILEY, Tom E"]
[Black "VOKOUN, Jan"]
[Result "1/2-1/2"]
[WhiteElo "2124"]
[BlackElo "2082"]
[PlyCount "49"]
[EventDate "2019.08.10"]
[EventRounds "9"]
[EventCountry "CZE"]

1. d4 d6 2. c4 e5 3. Nc3 Nd7 4. e4 Ngf6 5. d5 g6 6. Be3 Bg7 7. f3 Nh5 8. Qd2 f5
9. O-O-O f4 10. Bf2 a6 11. Kb1 O-O 12. Nge2 g5 13. Nc1 Rf7 14. b4 b6 15. Nb3
Bf8 16. Be2 Ndf6 17. h3 h6 18. Rc1 Ng3 19. Rhd1 Nxe2 20. Qxe2 a5 21. bxa5 bxa5
22. a4 Qe8 23. Nb5 c6 24. dxc6 Qxc6 25. Qd3  1/2-1/2

[Event "Olomouc Chess Summer 2019 - B1 - Prima Pack Cup"]
[Site "Olomouc (CZE), Hotel Flora"]
[Date "2019.08.11"]
[Round "2"]
[Board "5"]
[White "SINGH, S. Vikramjit"]
[Black "MALISOV, Boris"]
[Result "1-0"]
[WhiteElo "2185"]
[BlackElo "2271"]
[PlyCount "145"]
[EventDate "2019.08.10"]
[EventRounds "9"]
[EventCountry "CZE"]

1. d4 c5 2. d5 Nf6 3. c4 e5 4. Nc3 d6 5. e4 g6 6. Be2 Bg7 7. g4 h5 8. g5 Nh7 9.
h4 O-O 10. Be3 a6 11. Nf3 Bg4 12. Nd2 Bxe2 13. Qxe2 Nd7 14. a4 Kh8 15. Kd1 Qe7
16. Kc2 Rab8 17. a5 b6 18. axb6 Rxb6 19. b3 Nb8 20. Rhg1 Qe8 21. Rg2 Rb7 22.
Nf3 Qd8 23. Nd2 Qe8 24. Nf3 Rg8 25. Bc1 Qe7 26. Rg3 Qd7 27. Bd2 Re8 28. Qd3 Nf8
29. Nd1 Kg8 30. Ba5 Nh7 31. Ne3 Nf8 32. Qf1 Nh7 33. Qg2 Nf8 34. Nd1 Qc8 35. Nb2
Nbd7 36. Ra3 Nb8 37. Nd2 Nbd7 38. Qh3 Nb8 39. Qxc8 Rxc8 40. Nf3 Nfd7 41. Nd3
Bf8 42. Bd2 Bg7 43. Rg1 Bf8 44. Be3 Be7 45. Nd2 Bf8 46. Raa1 Kg7 47. f4 exf4
48. Bxf4 Re8 49. Rge1 Ne5 50. Bxe5+ dxe5 51. Ra5 Rc7 52. Rf1 Rcc8 53. b4 cxb4
54. c5 Bd6 55. Nb3 Be7 56. Kb2 f6 57. gxf6+ Bxf6 58. Nxb4 Bxh4 59. Nxa6 Bd8 60.
Raa1 h4 61. Nb4 g5 62. d6 Kg6 63. Ra8 Bf6 64. Nd5 Bg7 65. Ne7+ Rxe7 66. dxe7 g4
67. c6 Nxc6 68. e8=Q+ Rxe8 69. Rxe8 h3 70. Re6+ Kg5 71. Rxc6 h2 72. Nd2 Kh5 73.
Rh1  1-0

[Event "Olomouc Chess Summer 2019 - B1 - Prima Pack Cup"]
[Site "Olomouc (CZE), Hotel Flora"]
[Date "2019.08.11"]
[Round "3"]
[Board "1"]
[White "MALISOV, Boris"]
[Black "BIOLEK, Richard"]
[Result "0-1"]
[WhiteElo "2271"]
[BlackElo "2416"]
[PlyCount "98"]
[EventDate "2019.08.10"]
[EventRounds "9"]
[EventCountry "CZE"]

1. e4 e5 2. Bc4 Nf6 3. d3 Nc6 4. Nf3 Be7 5. O-O O-O 6. Nbd2 d6 7. c3 Na5 8. Bb5
a6 9. Ba4 b5 10. Bc2 c5 11. Re1 Qc7 12. Nf1 Re8 13. Ng3 Nc6 14. h3 h6 15. Nh2
Nh7 16. Nf5 Bg5 17. Bxg5 hxg5 18. Qf3 Ne7 19. Nxe7+ Rxe7 20. Ng4 Be6 21. a3 a5
22. Ne3 Rf8 23. Red1 Qb6 24. Rab1 Rc7 25. Qe2 g6 26. g4 b4 27. Ba4 Nf6 28. c4
Nh7 29. Bb5 Ra7 30. a4 f6 31. Kg2 Rg7 32. Rh1 Qb7 33. f3 f5 34. b3 Rf6 35. Rbf1
Qa8 36. Rf2 Rgf7 37. Rhf1 Kg7 38. Rh1 Nf8 39. Rhf1 Bc8 40. Nd5 Ne6 41. Qd1 Nf4+
42. Nxf4 exf4 43. Re2 fxg4 44. hxg4 Bxg4 45. e5 Bxf3+ 46. Rxf3 dxe5 47. Re4 Rd6
48. Rf1 g4 49. Rh1 Rd4  0-1

[Event "Olomouc Chess Summer 2019 - B1 - Prima Pack Cup"]
[Site "Olomouc (CZE), Hotel Flora"]
[Date "2019.08.11"]
[Round "3"]
[Board "2"]
[White "VOKOUN, Jan"]
[Black "SINGH, S. Vikramjit"]
[Result "0-1"]
[WhiteElo "2082"]
[BlackElo "2185"]
[PlyCount "100"]
[EventDate "2019.08.10"]
[EventRounds "9"]
[EventCountry "CZE"]

1. Nf3 Nf6 2. c4 g6 3. g3 Bg7 4. Bg2 O-O 5. O-O d6 6. d4 Nbd7 7. Nc3 e5 8. Qc2
Re8 9. Rd1 c6 10. b3 a6 11. Rb1 e4 12. Ne1 d5 13. e3 b5 14. Bd2 Nf8 15. cxd5
cxd5 16. Rdc1 Bf5 17. Ne2 Bg4 18. Bf1 Qd7 19. Qc7 Qf5 20. Bb4 g5 21. a4 Bh3 22.
Ng2 a5 23. Be1 b4 24. Rc6 Ne6 25. Qe5 Qxe5 26. dxe5 Ng4 27. Rd6 Red8 28. Bd2
Nxe5 29. Rxd8+ Rxd8 30. Ne1 Bxf1 31. Kxf1 Rc8 32. Ng1 g4 33. Ne2 Nf3 34. Nxf3
gxf3 35. Nf4 Nxf4 36. gxf4 Rc2 37. Ke1 Bc3 38. Rd1 Rxd2 39. Rxd2 Kg7 40. Kd1
Bxd2 41. Kxd2 Kf6 42. Ke1 Ke6 43. Kd2 Kd6 44. Kc2 Ke6 45. Kd2 Kd7 46. Kc2 Kc6
47. Kd2 Kd6 48. Ke1 Kc5 49. Kd2 d4 50. Ke1 d3  0-1

[Event "Olomouc Chess Summer 2019 - B1 - Prima Pack Cup"]
[Site "Olomouc (CZE), Hotel Flora"]
[Date "2019.08.11"]
[Round "3"]
[Board "3"]
[White "PLISCHKI, Sebastian"]
[Black "WILEY, Tom E"]
[Result "1-0"]
[WhiteElo "2391"]
[BlackElo "2124"]
[PlyCount "79"]
[EventDate "2019.08.10"]
[EventRounds "9"]
[EventCountry "CZE"]

1. c4 e6 2. g3 Nf6 3. Bg2 d5 4. Nf3 dxc4 5. O-O Nbd7 6. Qc2 Nb6 7. a4 a5 8. Na3
Bxa3 9. Rxa3 O-O 10. e4 Qe7 11. b3 Qb4 12. Ne5 Bd7 13. Nxc4 Nxc4 14. bxc4 e5
15. Ra1 Rfc8 16. Bb2 Qc5 17. Kh1 Ng4 18. d3 f6 19. Bc1 Qe7 20. c5 Rd8 21. h3
Nh6 22. Be3 Nf7 23. f4 Bc6 24. fxe5 fxe5 25. Qc4 Re8 26. Bf3 Qe6 27. Qxe6 Rxe6
28. Bd1 Rf6 29. Bb3 Kf8 30. Kg1 Rd8 31. Rad1 Rd7 32. g4 Ke8 33. Rf5 Rxf5 34.
gxf5 h6 35. h4 Nd8 36. Kf2 Re7 37. Rg1 Rd7 38. Ke2 Kf8 39. f6 gxf6 40. Bxh6+
 1-0

[Event "Olomouc Chess Summer 2019 - B1 - Prima Pack Cup"]
[Site "Olomouc (CZE), Hotel Flora"]
[Date "2019.08.11"]
[Round "3"]
[Board "4"]
[White "CAMARENA JIMENEZ, Rufino"]
[Black "KULA, Dominik"]
[Result "1-0"]
[WhiteElo "2317"]
[BlackElo "2219"]
[PlyCount "55"]
[EventDate "2019.08.10"]
[EventRounds "9"]
[EventCountry "CZE"]

1. d4 f5 2. Nf3 Nf6 3. Bg5 e6 4. Nbd2 d5 5. e3 Bd6 6. c4 c6 7. Bd3 Nbd7 8. cxd5
cxd5 9. O-O O-O 10. Rc1 Qe8 11. Bf4 Bxf4 12. exf4 Ne4 13. Re1 Nb8 14. Ne5 Nc6
15. Nxc6 bxc6 16. Nb3 Rb8 17. f3 Nd6 18. Qd2 Rb6 19. Nc5 Rf6 20. b3 Qh5 21. Na4
Rh6 22. Nxb6 Qxh2+ 23. Kf2 Rg6 24. Rg1 axb6 25. Rxc6 e5 26. dxe5 Ne4+ 27. Bxe4
Qg3+ 28. Ke3  1-0

[Event "Olomouc Chess Summer 2019 - B1 - Prima Pack Cup"]
[Site "Olomouc (CZE), Hotel Flora"]
[Date "2019.08.11"]
[Round "3"]
[Board "5"]
[White "STEINER, Bruno"]
[Black "KAGANSKIY, Gleb"]
[Result "1/2-1/2"]
[WhiteElo "2169"]
[BlackElo "2289"]
[PlyCount "80"]
[EventDate "2019.08.10"]
[EventRounds "9"]
[EventCountry "CZE"]

1. d4 d5 2. Bf4 c5 3. e3 Nc6 4. c3 Nf6 5. Nd2 cxd4 6. exd4 Bg4 7. Be2 Bxe2 8.
Qxe2 e6 9. Ngf3 Bd6 10. Bg3 O-O 11. O-O-O Rb8 12. Kb1 b5 13. Ne5 Bxe5 14. Bxe5
Nxe5 15. dxe5 Nd7 16. f4 Qc7 17. Rc1 Nb6 18. h4 Nc4 19. h5 h6 20. b3 Nxd2+ 21.
Qxd2 a5 22. g4 a4 23. b4 Qc4 24. g5 Qe4+ 25. Ka1 Kh7 26. Rce1 Qf5 27. Reg1 Rbc8
28. Rh4 a3 29. Rhg4 Kh8 30. R4g3 d4 31. gxh6 gxh6 32. cxd4 Rc2 33. Qd3 Qxd3 34.
Rxd3 Ra8 35. Rb1 Rf2 36. d5 exd5 37. Rxd5 Rg8 38. Rd3 Ra8 39. Rd5 Rg8 40. Rd3
Ra8  1/2-1/2

[Event "Olomouc Chess Summer 2019 - B1 - Prima Pack Cup"]
[Site "Olomouc (CZE), Hotel Flora"]
[Date "2019.08.12"]
[Round "4"]
[Board "1"]
[White "BIOLEK, Richard"]
[Black "KAGANSKIY, Gleb"]
[Result "0-1"]
[WhiteElo "2416"]
[BlackElo "2289"]
[PlyCount "100"]
[EventDate "2019.08.10"]
[EventRounds "9"]
[EventCountry "CZE"]

1. Nf3 d5 2. g3 Nf6 3. Bg2 e6 4. O-O Be7 5. d3 O-O 6. Nbd2 Nc6 7. c3 e5 8. Qc2
Re8 9. e4 Bf8 10. Re1 a5 11. Nf1 d4 12. h3 Nd7 13. Qe2 Nc5 14. Rd1 a4 15. cxd4
exd4 16. Ne1 Be6 17. f4 Nb4 18. a3 Nb3 19. Rb1 Na6 20. g4 Nxc1 21. Rdxc1 Nc5
22. Nd2 Ba2 23. Ra1 Nb3 24. Nxb3 Bxb3 25. e5 c6 26. Nf3 f6 27. Nd2 Bf7 28. Be4
fxe5 29. fxe5 g6 30. Rf1 Bg7 31. Qf3 Qc7 32. Rf2 Bh6 33. Kg2 Be3 34. Re2 Qxe5
35. Nf1 Bh6 36. Ng3 Qf4 37. Rf1 Qxf3+ 38. Rxf3 Bb3 39. Rf6 Rf8 40. Rd6 Rad8 41.
Rxd8 Rxd8 42. Bf3 Be3 43. Ne4 Rf8 44. Nc5 Bd1 45. Rxe3 dxe3 46. Bxd1 Rf2+ 47.
Kg3 b5 48. Bf3 Kh8 49. Bxc6 Rxb2 50. Na6 Rb3  0-1

[Event "Olomouc Chess Summer 2019 - B1 - Prima Pack Cup"]
[Site "Olomouc (CZE), Hotel Flora"]
[Date "2019.08.12"]
[Round "4"]
[Board "2"]
[White "KULA, Dominik"]
[Black "STEINER, Bruno"]
[Result "1/2-1/2"]
[WhiteElo "2219"]
[BlackElo "2169"]
[PlyCount "95"]
[EventDate "2019.08.10"]
[EventRounds "9"]
[EventCountry "CZE"]

1. e4 e5 2. Nf3 Nc6 3. Bb5 a6 4. Ba4 Nf6 5. O-O Nxe4 6. Re1 Nc5 7. Bxc6 dxc6 8.
Rxe5+ Be6 9. d4 Nd7 10. Bg5 Qc8 11. Re3 h6 12. Bh4 g5 13. Bg3 Bg7 14. Nc3 O-O
15. d5 cxd5 16. Nxd5 Bxd5 17. Qxd5 Bxb2 18. Rb1 Nb6 19. Qc5 Bg7 20. Re7 Na4 21.
Qc4 b5 22. Qc6 Qf5 23. Be5 Bxe5 24. Nxe5 Kg7 25. Re1 Nb6 26. Rxc7 Rae8 27. g4
Qe6 28. Qb7 Qf6 29. Qxa6 Rxe5 30. Rxe5 Qxe5 31. Qxb6 Qf4 32. h3 Re8 33. Qc6
Re1+ 34. Kg2 b4 35. Qc4 Qf6 36. Qxb4 Re2 37. Qc5 Rd2 38. Qe3 Rd4 39. c4 Rd1 40.
Rc5 Ra1 41. a3 Qb2 42. Ra5 Qb7+ 43. Rd5 Qb2 44. Rd2 Qc1 45. Qe5+ Kh7 46. Qf5+
Kg7 47. Qe5+ Kh7 48. Qf5+  1/2-1/2

[Event "Olomouc Chess Summer 2019 - B1 - Prima Pack Cup"]
[Site "Olomouc (CZE), Hotel Flora"]
[Date "2019.08.12"]
[Round "4"]
[Board "3"]
[White "WILEY, Tom E"]
[Black "CAMARENA JIMENEZ, Rufino"]
[Result "1/2-1/2"]
[WhiteElo "2124"]
[BlackElo "2317"]
[PlyCount "79"]
[EventDate "2019.08.10"]
[EventRounds "9"]
[EventCountry "CZE"]

1. d4 Nf6 2. c4 g6 3. Nc3 Bg7 4. e4 d6 5. Nf3 O-O 6. Be2 e5 7. d5 Na6 8. O-O
Nc5 9. Qc2 a5 10. Be3 Ng4 11. Bxc5 dxc5 12. h3 Nf6 13. Nxe5 Nxd5 14. cxd5 Bxe5
15. f4 Bd4+ 16. Kh2 Bd7 17. Nb5 Bxb5 18. Bxb5 Qd6 19. Bc4 a4 20. Rae1 f6 21. b3
axb3 22. axb3 Kg7 23. Qd2 c6 24. b4 Ra3 25. bxc5 Qxc5 26. Rd1 Bc3 27. Qe2 b5
28. Ba2 Rfa8 29. Bb1 Rd8 30. dxc6 Rxd1 31. Rxd1 Qxc6 32. e5 fxe5 33. f5 Ra7 34.
fxg6 hxg6 35. Be4 Qb6 36. Rd5 Qf6 37. Rxb5 Bd4 38. Rb7+ Rxb7 39. Bxb7 Qf4+ 40.
g3  1/2-1/2

[Event "Olomouc Chess Summer 2019 - B1 - Prima Pack Cup"]
[Site "Olomouc (CZE), Hotel Flora"]
[Date "2019.08.12"]
[Round "4"]
[Board "4"]
[White "SINGH, S. Vikramjit"]
[Black "PLISCHKI, Sebastian"]
[Result "1/2-1/2"]
[WhiteElo "2185"]
[BlackElo "2391"]
[PlyCount "68"]
[EventDate "2019.08.10"]
[EventRounds "9"]
[EventCountry "CZE"]

1. d4 d5 2. c4 dxc4 3. Nf3 a6 4. e3 Bg4 5. Bxc4 e6 6. Nc3 Nc6 7. Be2 Nf6 8. O-O
Bd6 9. Nd2 Bxe2 10. Qxe2 O-O 11. Rd1 e5 12. dxe5 Bxe5 13. Nf3 Qe7 14. Nxe5 Qxe5
15. Bd2 Rfe8 16. Be1 Rad8 17. Rxd8 Nxd8 18. Rd1 Ne6 19. f3 b5 20. Bg3 Qc5 21.
Bf2 Qe7 22. Bh4 Rd8 23. Rxd8+ Qxd8 24. Ne4 h6 25. Bxf6 gxf6 26. g4 Ng5 27. Nxg5
fxg5 28. Kg2 c5 29. b3 Qd5 30. Qb2 c4 31. bxc4 bxc4 32. Qb8+ Kg7 33. Qb2+ f6
34. Qc3 Kg6  1/2-1/2

[Event "Olomouc Chess Summer 2019 - B1 - Prima Pack Cup"]
[Site "Olomouc (CZE), Hotel Flora"]
[Date "2019.08.12"]
[Round "4"]
[Board "5"]
[White "MALISOV, Boris"]
[Black "VOKOUN, Jan"]
[Result "1/2-1/2"]
[WhiteElo "2271"]
[BlackElo "2082"]
[PlyCount "46"]
[EventDate "2019.08.10"]
[EventRounds "9"]
[EventCountry "CZE"]

1. e4 g6 2. d4 Bg7 3. Nf3 c6 4. Nc3 d6 5. Be3 Nd7 6. Qd2 b5 7. Bd3 Bb7 8. O-O
Qc7 9. Rfe1 a6 10. h3 e5 11. dxe5 dxe5 12. a4 Ngf6 13. Bh6 O-O 14. Bxg7 Kxg7
15. Qe3 h6 16. Nd2 Rfd8 17. axb5 cxb5 18. Nb3 Rac8 19. f3 Nb6 20. Na5 Ba8 21.
Red1 Nfd7 22. Nb3 Bb7 23. Na5 Ba8  1/2-1/2

[Event "Olomouc Chess Summer 2019 - B1 - Prima Pack Cup"]
[Site "Olomouc (CZE), Hotel Flora"]
[Date "2019.08.13"]
[Round "5"]
[Board "1"]
[White "VOKOUN, Jan"]
[Black "BIOLEK, Richard"]
[Result "0-1"]
[WhiteElo "2082"]
[BlackElo "2416"]
[PlyCount "70"]
[EventDate "2019.08.10"]
[EventRounds "9"]
[EventCountry "CZE"]

1. d4 d6 2. e4 Nf6 3. Nd2 g6 4. Ngf3 Bg7 5. Bd3 O-O 6. O-O Nc6 7. c3 e5 8. Re1
Nh5 9. dxe5 dxe5 10. Bb5 Qe7 11. g3 Rd8 12. Qc2 Bg4 13. Bf1 Bh6 14. Be2 Qf6 15.
Kg2 Qe6 16. Ng1 Bxe2 17. Nxe2 a5 18. a4 Bxd2 19. Bxd2 Qc4 20. Rac1 Rd3 21. Ng1
Rad8 22. Re2 f5 23. b3 Qe6 24. Bg5 R8d7 25. f3 Nf6 26. exf5 gxf5 27. Rd2 Rxd2+
28. Bxd2 e4 29. Re1 Ne5 30. Bg5 Nxf3 31. Nxf3 exf3+ 32. Kf1 Ne4 33. Be3 f4 34.
Bd4 Qh3+ 35. Kg1 Rxd4  0-1

[Event "Olomouc Chess Summer 2019 - B1 - Prima Pack Cup"]
[Site "Olomouc (CZE), Hotel Flora"]
[Date "2019.08.13"]
[Round "5"]
[Board "2"]
[White "PLISCHKI, Sebastian"]
[Black "MALISOV, Boris"]
[Result "1-0"]
[WhiteElo "2391"]
[BlackElo "2271"]
[PlyCount "89"]
[EventDate "2019.08.10"]
[EventRounds "9"]
[EventCountry "CZE"]

1. d4 d5 2. c4 c6 3. Nf3 Nf6 4. Nc3 g6 5. cxd5 cxd5 6. Bf4 Bg7 7. e3 O-O 8. h3
Nc6 9. Bd3 b6 10. O-O Bb7 11. Rc1 e6 12. a3 Qe7 13. Qe2 Rfc8 14. Rc2 a6 15. Na4
Nd7 16. Rfc1 b5 17. Nc5 Nxc5 18. Rxc5 e5 19. dxe5 Nxe5 20. Rxc8+ Rxc8 21. Rxc8+
Bxc8 22. Nxe5 Bxe5 23. Qc2 Bd7 24. Bxe5 Qxe5 25. Qd2 Kg7 26. Be2 h5 27. Bf3 Be6
28. h4 Kh7 29. Qd4 Qxd4 30. exd4 a5 31. Kh2 Kg7 32. Kg3 f5 33. Kf4 Kf6 34. Be2
Bd7 35. b4 axb4 36. axb4 Be8 37. f3 Bd7 38. Bd3 Be8 39. g4 Bd7 40. Be2 Be8 41.
Bf1 Bd7 42. gxh5 gxh5 43. Bd3 Be8 44. Bxf5 Bc6 45. Bc8  1-0

[Event "Olomouc Chess Summer 2019 - B1 - Prima Pack Cup"]
[Site "Olomouc (CZE), Hotel Flora"]
[Date "2019.08.13"]
[Round "5"]
[Board "3"]
[White "CAMARENA JIMENEZ, Rufino"]
[Black "SINGH, S. Vikramjit"]
[Result "1/2-1/2"]
[WhiteElo "2317"]
[BlackElo "2185"]
[PlyCount "70"]
[EventDate "2019.08.10"]
[EventRounds "9"]
[EventCountry "CZE"]

1. Nf3 Nf6 2. c4 g6 3. Nc3 Bg7 4. e4 d6 5. d4 O-O 6. Be2 e5 7. d5 Nh5 8. g3 a5
9. Nh4 Nf4 10. Bf3 Nh3 11. Bg4 Na6 12. Be3 Nc5 13. Bxc8 Qxc8 14. Qe2 a4 15. f3
f5 16. O-O-O a3 17. b3 Bf6 18. Ng2 fxe4 19. fxe4 Bg5 20. Rhf1 Qd7 21. Kc2 Kg7
22. Bxg5 Nxg5 23. h4 Nf7 24. Ne3 Nh6 25. g4 Rf4 26. g5 Nf7 27. Ng2 Rxf1 28.
Rxf1 Qh3 29. b4 Nd7 30. Qf3 Qxf3 31. Rxf3 c6 32. Ne1 h6 33. gxh6+ Nxh6 34. Nd3
Ng4 35. Kb3 Rh8  1/2-1/2

[Event "Olomouc Chess Summer 2019 - B1 - Prima Pack Cup"]
[Site "Olomouc (CZE), Hotel Flora"]
[Date "2019.08.13"]
[Round "5"]
[Board "4"]
[White "STEINER, Bruno"]
[Black "WILEY, Tom E"]
[Result "0-1"]
[WhiteElo "2169"]
[BlackElo "2124"]
[PlyCount "86"]
[EventDate "2019.08.10"]
[EventRounds "9"]
[EventCountry "CZE"]

1. d4 Nf6 2. Bf4 e6 3. e3 c5 4. Nd2 d5 5. c3 Bd6 6. Bg3 O-O 7. Bd3 Nc6 8. Ngf3
b6 9. Ne5 Bb7 10. f4 Ne7 11. Qf3 Ne8 12. Bh4 f6 13. Qh3 Nf5 14. O-O g6 15. Nef3
Neg7 16. Bf2 Qc7 17. g4 Ne7 18. Bg3 cxd4 19. cxd4 a5 20. Qh6 Ba6 21. Bxa6 Rxa6
22. e4 dxe4 23. Nxe4 Ra7 24. Rac1 Qd7 25. Nfg5 fxg5 26. Nxg5 Re8 27. Qxh7+ Kf8
28. d5 exd5 29. Qh8+ Ng8 30. Nh7+ Kf7 31. Ng5+ Kf8 32. f5 gxf5 33. Nh7+ Kf7 34.
Ng5+ Kf8 35. gxf5 Bxg3 36. f6 Qg4 37. f7 Bf4+ 38. Kh1 Rxf7 39. Nxf7 Kxf7 40.
Rc7+ Re7 41. Rc8 Qxc8 42. Rxf4+ Kg6 43. Rg4+ Qxg4  0-1

[Event "Olomouc Chess Summer 2019 - B1 - Prima Pack Cup"]
[Site "Olomouc (CZE), Hotel Flora"]
[Date "2019.08.13"]
[Round "5"]
[Board "5"]
[White "KAGANSKIY, Gleb"]
[Black "KULA, Dominik"]
[Result "1/2-1/2"]
[WhiteElo "2289"]
[BlackElo "2219"]
[PlyCount "116"]
[EventDate "2019.08.10"]
[EventRounds "9"]
[EventCountry "CZE"]

1. d4 Nf6 2. Nf3 g6 3. g3 Bg7 4. Bg2 d5 5. c4 c6 6. cxd5 cxd5 7. Nc3 Nc6 8. O-O
O-O 9. Ne5 Nxe5 10. dxe5 Ng4 11. Qxd5 Nxe5 12. Rd1 Qxd5 13. Nxd5 Nc6 14. Bg5 e5
15. Nc7 Rb8 16. Bxc6 bxc6 17. Be7 Rb7 18. Bxf8 Bxf8 19. Ne8 Rxb2 20. Nf6+ Kg7
21. e3 Be6 22. Ne8+ Kh6 23. a4 c5 24. Rdb1 Rd2 25. Nc7 Ba2 26. Rd1 Rxd1+ 27.
Rxd1 c4 28. Nd5 a5 29. Rc1 Bc5 30. e4 Bb3 31. Ne3 Bxe3 32. fxe3 Kg5 33. Kf2 h5
34. h3 Kf6 35. Ke1 Ke6 36. Kd2 Kd6 37. Kc3 Ke6 38. Rb1 Kd6 39. Rb2 Ke6 40. Rd2
Bxa4 41. Ra2 Bc6 42. Rxa5 Bxe4 43. Kxc4 Bg2 44. Kd3 Bxh3 45. e4 Kf6 46. Ke3 Bg2
47. Ra2 Bh3 48. Rf2+ Kg7 49. Rb2 g5 50. Rb5 f6 51. Kf3 Bg4+ 52. Kf2 Kg6 53. Rb8
Be6 54. Rh8 Bg4 55. Rg8+ Kf7 56. Rb8 Kg6 57. Rg8+ Kf7 58. Rb8 Kg6  1/2-1/2

[Event "Olomouc Chess Summer 2019 - B1 - Prima Pack Cup"]
[Site "Olomouc (CZE), Hotel Flora"]
[Date "2019.08.14"]
[Round "6"]
[Board "2"]
[White "WILEY, Tom E"]
[Black "KAGANSKIY, Gleb"]
[Result "1/2-1/2"]
[WhiteElo "2124"]
[BlackElo "2289"]
[PlyCount "107"]
[EventDate "2019.08.10"]
[EventRounds "9"]
[EventCountry "CZE"]

1. d4 Nf6 2. c4 e6 3. Nc3 Bb4 4. e3 O-O 5. Nge2 c6 6. a3 Ba5 7. Ng3 d5 8. Bd3
Nbd7 9. cxd5 exd5 10. O-O Re8 11. Bd2 Nf8 12. f3 Bc7 13. Re1 Ne6 14. Rc1 c5 15.
dxc5 Nxc5 16. Bb1 Ne6 17. Nce2 Bb6 18. Kh1 g6 19. Nf1 d4 20. Nxd4 Nxd4 21. exd4
Qxd4 22. Ng3 Be6 23. Bc3 Qh4 24. Ne4 Nh5 25. g3 Qh3 26. Qd6 f6 27. Nxf6+ Nxf6
28. Bxf6 Qh5 29. Be4 Bf7 30. Qf4 Bd8 31. Bxd8 Raxd8 32. Rc7 Rf8 33. Qe3 Rd6 34.
Rcc1 Rfd8 35. Kg2 b6 36. Re2 Re6 37. Rce1 Rde8 38. Qf2 R6e7 39. Bd3 Rxe2 40.
Rxe2 Rxe2 41. Qxe2 Qc5 42. Qc2 Qd6 43. Bc4 Bxc4 44. Qxc4+ Kg7 45. Qc3+ Kg8 46.
f4 a5 47. h4 Qe6 48. Qe5 Qc6+ 49. Kf2 Qc2+ 50. Qe2 Qc5+ 51. Kg2 Qc6+ 52. Kh2 a4
53. Qd2 b5 54. Kg1  1/2-1/2

[Event "Olomouc Chess Summer 2019 - B1 - Prima Pack Cup"]
[Site "Olomouc (CZE), Hotel Flora"]
[Date "2019.08.14"]
[Round "6"]
[Board "3"]
[White "SINGH, S. Vikramjit"]
[Black "STEINER, Bruno"]
[Result "1-0"]
[WhiteElo "2185"]
[BlackElo "2169"]
[PlyCount "55"]
[EventDate "2019.08.10"]
[EventRounds "9"]
[EventCountry "CZE"]

1. d4 d5 2. c4 e6 3. Nc3 c6 4. Nf3 Nf6 5. g3 dxc4 6. Bg2 b5 7. O-O Bb7 8. Bg5
Be7 9. a4 a6 10. Bxf6 gxf6 11. e4 b4 12. Ne2 c5 13. d5 exd5 14. exd5 Qxd5 15.
Qc1 c3 16. Nf4 cxb2 17. Qxb2 Qd8 18. Rad1 Nd7 19. Rfe1 O-O 20. Bh3 Bc6 21. Nd5
Re8 22. Rxe7 Rxe7 23. Nxf6+ Nxf6 24. Rxd8+ Rxd8 25. Qxf6 Rd1+ 26. Kg2 Rc7 27.
Bf5 Bxa4 28. Qh6  1-0

[Event "Olomouc Chess Summer 2019 - B1 - Prima Pack Cup"]
[Site "Olomouc (CZE), Hotel Flora"]
[Date "2019.08.14"]
[Round "6"]
[Board "4"]
[White "MALISOV, Boris"]
[Black "CAMARENA JIMENEZ, Rufino"]
[Result "0-1"]
[WhiteElo "2271"]
[BlackElo "2317"]
[PlyCount "96"]
[EventDate "2019.08.10"]
[EventRounds "9"]
[EventCountry "CZE"]

1. e4 e6 2. d3 c5 3. Nd2 Nc6 4. g3 g6 5. Bg2 Bg7 6. f4 d6 7. Nh3 Nge7 8. O-O
O-O 9. g4 f5 10. gxf5 exf5 11. c3 h6 12. Nf3 Be6 13. Kh1 Qd7 14. Nf2 Rae8 15.
Re1 fxe4 16. dxe4 d5 17. e5 b6 18. b3 Rd8 19. Bd2 Nf5 20. Qe2 Qf7 21. Rad1 d4
22. c4 Nb4 23. Bxb4 cxb4 24. Ng4 Qc7 25. Qe4 Qc5 26. Rd2 Kh7 27. Red1 b5 28.
Nf6+ Bxf6 29. exf6 Rxf6 30. Qb7+ Rd7 31. Qxb5 Qxb5 32. cxb5 Ne3 33. Ne5 Rc7 34.
Re1 Rxf4 35. Nc6 Rd7 36. Nxb4 Bf5 37. Bc6 Rf7 38. h3 Bxh3 39. a4 Be6 40. a5
Bxb3 41. b6 Nc4 42. b7 Rxb7 43. Bxb7 Nxd2 44. a6 h5 45. Re8 Bc4 46. Nc6 Bd5+
47. Kh2 Nf1+ 48. Kg1 d3  0-1

[Event "Olomouc Chess Summer 2019 - B1 - Prima Pack Cup"]
[Site "Olomouc (CZE), Hotel Flora"]
[Date "2019.08.14"]
[Round "6"]
[Board "5"]
[White "VOKOUN, Jan"]
[Black "PLISCHKI, Sebastian"]
[Result "0-1"]
[WhiteElo "2082"]
[BlackElo "2391"]
[PlyCount "120"]
[EventDate "2019.08.10"]
[EventRounds "9"]
[EventCountry "CZE"]

1. e4 c5 2. Nf3 d6 3. d4 cxd4 4. Nxd4 Nf6 5. Nc3 a6 6. Bg5 Nbd7 7. Qd2 e6 8.
Be2 Qc7 9. f4 Be7 10. Nf3 e5 11. O-O-O b5 12. Nd5 Nxd5 13. exd5 f6 14. Bh4 exf4
15. Bf2 O-O 16. Qxf4 Ne5 17. Nd4 f5 18. h4 Bd7 19. h5 h6 20. Bh4 Bxh4 21. Qxh4
Rae8 22. Rh3 b4 23. Kb1 a5 24. Qf4 Kh8 25. Rg3 Qc5 26. Nb3 Qb6 27. Nd4 a4 28.
Nf3 Qf2 29. Nxe5 Qxe2 30. Ng6+ Kg8 31. Rc1 Rf6 32. Qxb4 Qxh5 33. Nf4 Qf7 34. c4
Re4 35. Qd2 Kh7 36. Ra3 Qe7 37. g3 g5 38. Ne6 Bxe6 39. dxe6 Qxe6 40. Rxa4 Qe5
41. Ra7+ Kg6 42. a4 Qxg3 43. a5 Qe3 44. Qxe3 Rxe3 45. a6 Rb3 46. Kc2 Rb6 47.
Ra1 f4 48. Ra8 Kf5 49. Re8 Rxa6 50. Rxa6 f3 51. Kd3 Kg4 52. Ra1 Kh3 53. b4 g4
54. Ree1 g3 55. Rh1+ Kg4 56. b5 f2 57. b6 g2 58. b7 gxh1=Q 59. Rxh1 Rf8 60. Ke4
Rb8  0-1

[Event "Olomouc Chess Summer 2019 - B1 - Prima Pack Cup"]
[Site "Olomouc (CZE), Hotel Flora"]
[Date "2019.08.15"]
[Round "7"]
[Board "1"]
[White "PLISCHKI, Sebastian"]
[Black "BIOLEK, Richard"]
[Result "1/2-1/2"]
[WhiteElo "2391"]
[BlackElo "2416"]
[PlyCount "31"]
[EventDate "2019.08.10"]
[EventRounds "9"]
[EventCountry "CZE"]

1. Nf3 d6 2. d4 Bg4 3. e4 Nf6 4. Nc3 e6 5. h3 Bh5 6. Qe2 Be7 7. g4 Bg6 8. h4 h5
9. g5 Nfd7 10. Be3 c6 11. d5 e5 12. O-O-O cxd5 13. exd5 Na6 14. Bh3 O-O 15. Nd2
Ndc5 16. a3  1/2-1/2

[Event "Olomouc Chess Summer 2019 - B1 - Prima Pack Cup"]
[Site "Olomouc (CZE), Hotel Flora"]
[Date "2019.08.15"]
[Round "7"]
[Board "2"]
[White "CAMARENA JIMENEZ, Rufino"]
[Black "VOKOUN, Jan"]
[Result "1-0"]
[WhiteElo "2317"]
[BlackElo "2082"]
[PlyCount "73"]
[EventDate "2019.08.10"]
[EventRounds "9"]
[EventCountry "CZE"]

1. d4 Nf6 2. c4 e6 3. Nf3 d5 4. Nc3 a6 5. cxd5 exd5 6. Bg5 c6 7. e3 Nbd7 8. Bd3
Be7 9. O-O O-O 10. Qc2 Re8 11. Ne5 Nf8 12. Rab1 N6d7 13. Bxe7 Qxe7 14. Nxd7
Bxd7 15. b4 g6 16. Na4 Be6 17. Nc5 h5 18. Rfe1 Rad8 19. a4 h4 20. b5 axb5 21.
axb5 Bc8 22. bxc6 bxc6 23. Rb6 Rd6 24. Qa4 Qc7 25. Reb1 h3 26. g3 Rf6 27. Rb8
Qe7 28. Qc2 Nh7 29. Ra1 Bg4 30. Qb2 Kg7 31. Raa8 Rxb8 32. Qxb8 Nf8 33. Ra7 Qd6
34. Qe8 Bf5 35. Be2 g5 36. Ra8 Rh6 37. Rd8  1-0